1904 1226 1438 1671 2000 1329 1453 1933 1642 1294 1856 1099 1510 1827 1169 1799 1872 1820 1910 1955 1493 1062 1652 1224 1122 1372 1815 1700 1497 1428 1461 1739 1251 1643 1049 1069 1882 1488 1127 1829 1231 1228 1673 1370 1455 1836 1023 1250 1133 1435 1490 1725 1637 1907 1926 1014 1936 1201 1171 1778 1369 1543 1187 1668 1686 1504 1609 1549 1441 1010 1190 1523 1267 1735 1296 1064 1125 1058 1400 1634 1831 1262 1366 1685 1265 1173 1719 1582 1420 1424 1828 1381 1095 1266 1167 1582 1037 1437 1655 BCNSPRNW ULIB Ver.6.0+V

เปลี่ยนเป็นภาษาไทย

Change to English
 แสดงรายละเอียดบรรณานุกรม
  กลับหน้าหลัก

Brief Record : Get Marc (ISO 2709) : E-mail record : QR code < ปิดหน้าต่าง
LEADER : 00000nam 2200000uu 4500
001    13399112959
003     ULIB
008    110919s2545||||th 000 0 tha d
020    9749054040
050  4 LC3998.T5^bอ481ส ล.5 2545
100 0  อุษณีย์ อนุรุทธ์วงศ์ (โพธิสุข)
245 10 สร้างเด็กให้เป็นอัจฉริยะ ล.5 EQ ปัญญานำมนุษยชาติ =^bRaising A Genius /^cอุษณีย์ อนุนุทธ์วงศ์ (โพธิสุข)
246 31 Raising A Genius
260    กรุงเทพฯ :^bมูลนิธิสดศรี-สฤษดิ์วงศ์,^c2545
300    132 หน้า :^bภาพประกอบ ;^c21 ซม.
440  0 หนังสือชุดสร้างเด็กให้เป็นอัจฉริยะ ;^vเล่มที่ 5
650  4 การศึกษาสำหรับผู้ที่มีความสามารถพิเศษ
945    ^p80^l0^i015270
945    ^p80^l0^i015271
945    ^p80^l0^i015272
995    ทศพร
999 ^a ทศพร
รายการนี้ยังไม่มีแท็ก
คุณยังไม่ได้ล็อกอิน คุณสามารถมีกิจกรรมร่วมกับเว็บไซต์ได้ แต่ต้องล็อกอินก่อน ::
  ล็อกอิน

รายการสื่อสารสนเทศ

ลำดับที่ ประเภท เลขเรียก/บาร์โค้ด สถานที่ สถานะ
- ไม่พบข้อมูล -

รายการใกล้เคียง
    ผู้แต่ง [อุษณีย์ อนุรุทธ์วงศ์ (โพธิสุข)]

    หัวเรื่อง [การศึกษาสำหรับผู้ที่มีความสามารถพิเศษ]

BibComment


ยังไม่เคยถูกคอมเมนท์

คอมเมนท์ทรัพยากรรายการนี้
  คอมเมนท์: สร้างเด็กให้เป็นอ..


 Copyright 2026. Bcnsprnw @Library